000 00359nam a22001217a 4500
082 _aTHE 200
100 _aABDUL JABBAR
_972634
245 _aTH-SOF-0962-SAMPLED-DATA CONTROL OF QUAD ROTOR UNMANNED AERIAL VEHICLE
260 _aNUST COLLEGE OF EME
_bISLAMABAD
_c2001
650 _aMS-ELECT-71 MSTHESIS
700 _aDR FAHAD MUMTAZ MALIK
_917335
942 _cCF
999 _c578628
_d578628